| 000 | 00317nam a22001097a 4500 | ||
|---|---|---|---|
| 008 | 230606b xxu||||| |||| 00| 0 eng d | ||
| 082 |
_a338.9 _bKEN |
||
| 245 |
_aQuarterly Economic and Budgetary Review _bThird Quarter 2007/2008 |
||
| 260 |
_aNairobi,Kenya _bMinistry of Finance _cMay,2008 |
||
| 300 | _a34p | ||
| 942 |
_2ddc _cBK |
||
| 999 |
_c626 _d626 |
||